000 00491nam a2200157 i 4500
001 67972
003 ES-MaACL
005 20230906170200.0
007 t|
008 040216s1921 it ||||1| ita d
100 1 _aGamberini, Carlo.
_953755
245 1 0 _aSul trattamento dell'epilessia postrumatica con speciale riguardo alla crainoplastica /
_cCarlo Gamberini.
260 _aBologna :
_b[s.n.,
_c1921] (
_fEstab. Polig Reuniti)
300 _a122 p. ;
_c25 cm.
852 _aES-MaACL
_jB-11361
999 _c67972
_d67972